Normal view
MARC view
Entry Uniform Title
001 - CONTROL NUMBER
- control field: 12583
003 - CONTROL NUMBER IDENTIFIER
- control field: BD-RjUL
005 - DATE AND TIME OF LATEST TRANSACTION
- control field: 20240327134445.0
008 - FIXED-LENGTH DATA ELEMENTS
- fixed length control field: 240327|| aca||aabn | a|a d
040 ## - CATALOGING SOURCE
- Original cataloging agency: BD-RjUL
- Transcribing agency: BD-RjUL
130 ## - HEADING--UNIFORM TITLE
- Uniform title: Panjābī adab (Lahore, Pakistan)
670 ## - SOURCE DATA FOUND
- Source citation: Work cat.: (BD-RjUL)83503: پنجابى ادب ;; Panjābī adab./, [1987]-